000 00752nam a2200253Ia 4500
003 OSt
005 20220923225104.0
006 a|||||r|||| 00| 0
007 ta
008 220922b |||||||| |||| 00| 0 hin d
024 _a257,046
037 _cTextual
040 _aARTS
_cARTS
_bhin
041 _2hin
_ahin
082 _aQ41:2, N3
100 _aअनुरूद्ध
_9156277
245 0 _aअभिधम्मत्थस›हो
246 _aAbhidhammatthasa›ho
260 _aवाराणसी
_b बौद्ध आकार ग्रन्थमाला
_c1993
300 _a318पृ.
_ccm.
650 _aधर्म
942 _hQ41:2, N3
_cTEXL
_2CC
999 _c375974
_d375974